Name The NHL Hockey Player or their college - Statistics

General Stats
  • This quiz has been taken 28 times
  • The average score is 11 of 25
Answer Stats
Alumni that have played in NHL NHL Games Played Stanley Cups by Alumni All Star Games by Alumni HOFers by Alumni Name College or Player % Correct
107 1,201 17 9 0 Boston University I Keith Tkachuk
82%
119 1,294 20 2 0 Michigan I Andrew Cogliano
82%
96 1,263 23 6 3 Boston College I Bill Guerin
73%
79 1,484 9 7 1 Michigan State I Rod Brind'Amour
73%
127 1,286 13 3 2 Minnesota I Phil Kessel
73%
114 1,280 16 4 1 North Dakota I James Patrick
64%
84 1,188 16 3 2 Denver I Kevin Dineen
59%
40 1,115 5 3 0 Harvard I Don Sweeney
59%
60 1,157 6 4 1 Maine I Eric Weinrich
59%
92 1,651 22 11 1 Wisconsin I Chris Chelios
59%
37 1,128 2 0 0 Ohio State I Jamie Macoun
50%
39 1,270 6 3 1 Bowling Green I Rob Blake
41%
38 1,093 9 1 0 Miami I Dan Boyle
41%
47 1,082 7 1 1 New Hampshire I James van Riemsdyk
41%
50 1,108 7 0 0 Providence I Hal Gill
41%
40 1,257 9 2 2 Cornell I Joe Nieuwendyk
36%
69 1,269 11 2 1 Minnesota Duluth I Brett Hull
36%
18 1,134 9 3 1 Vermont I Martin St. Louis
32%
12 1,022 4 1 0 Ferris State I Chris Kunitz
27%
25 1,159 8 1 0 Clarkson I Todd Marchant
23%
22 1,009 1 0 0 Northern Michigan I Dallas Drake
23%
40 1,516 7 3 1 St. Cloud State I Matt Cullen
23%
33 1,256 4 0 0 Lake Superior State I Brian Rolston
14%
24 1,132 6 2 0 Massachusetts Lowell I Ron Hainsey
9%
26 1,337 1 3 1 Rensselaer I Adam Oates
9%
No matching quizzes found
Score Distribution
Percent of People with Each Score
Percentile by Number Answered
Your Score History
You have not taken this quiz